Normal view
MARC view
- Özbilen, Eşref Bengi,
Entry Personal Name
001 - CONTROL NUMBER
- control field: 153917
003 - CONTROL NUMBER IDENTIFIER
- control field: SULEY
005 - DATE AND TIME OF LATEST TRANSACTION
- control field: 20260424151956.0
008 - FIXED-LENGTH DATA ELEMENTS
- fixed length control field: 130411|| aca||aabn | a|a d
040 ## - CATALOGING SOURCE
- Original cataloging agency: SULEY
- Language of cataloging: tur
- Transcribing agency: SULEY
- Description conventions: rda
046 ## - SPECIAL CODED DATES
- Birth date: 1946
- Death date: 20210213
100 1# - HEADING--PERSONAL NAME
- Personal name: Özbilen, Eşref Bengi,
- Dates associated with a name: 1946-2021
370 ## - ASSOCIATED PLACE
- Other associated place: Çanakkale (Turkey)
- Place of origin of work: İzmit (Turkey)
- Associated country: Turkey
374 ## - OCCUPATION
- Occupation: Translators
375 ## - GENDER
- Gender: Males
377 ## - ASSOCIATED LANGUAGE
- Language code: tur
670 ## - SOURCE DATA FOUND
- Source citation: Work cat.: (SULEY)0: Scholem, Gershom, 1897-1982 37852, Sabbatai Sevi ;, 2011.
- Information found: t.p. (Eşref Bengi Özbilen, çeviren)



